IPF forecast survey (Record no. 77608)

MARC details
000 -LEADER
fixed length control field 00977cab a2200205 4500
001 - CONTROL NUMBER
control field ##L134658
008 - FIXED-LENGTH DATA ELEMENTS--GENERAL INFORMATION
fixed length control field 060823n2006 000 0 eng u
035 ## - SYSTEM CONTROL NUMBER
System control number (Sirsi) u134658
041 0# - LANGUAGE CODE
Language code of text/sound track or separate title eng
110 2# - MAIN ENTRY--CORPORATE NAME
Corporate name or jurisdiction name as entry element Investment Property Forum
9 (RLIN) 2112
245 00 - TITLE STATEMENT
Title IPF forecast survey
Remainder of title July
260 ## - PUBLICATION, DISTRIBUTION, ETC.
Date of publication, distribution, etc. 2006
490 #0 - SERIES STATEMENT
Series statement Estates Gazette
Volume/sequential designation (0633) 19 August 2006, 32-33(2)
520 ## - SUMMARY, ETC.
Summary, etc. The total return forecast for 2006 has risen to 16.5%, and although confidence has increased for 2007, concerns over yields in 2008 have deepened. For the period 2006-10 the consensus is for total returns of 8.2% pa, up from 8% in May. Over that period, offices show the strongest rental growth at 5% pa. Includes graphs for rental growth, capital growth and total returns for 2006 and 2007.
590 ## - LOCAL NOTE (RLIN)
Local note IKA230806
650 24 - SUBJECT ADDED ENTRY--TOPICAL TERM
Topical term or geographic name entry element IPF CONSENSUS FORECAST SURVEY
651 #4 - SUBJECT ADDED ENTRY--GEOGRAPHIC NAME
Geographic name United Kingdom
Chronological subdivision
690 ## - LOCAL SUBJECT ADDED ENTRY--TOPICAL TERM (OCLC, RLIN)
Topical term or geographic name as entry element PROPERTY-COMMERCIAL PROPERTY-COMMERCIAL PROPERTY FINANCE AND INVESTMENT
942 ## - ADDED ENTRY ELEMENTS (KOHA)
Suppress in OPAC 0
Holdings
Withdrawn status Lost status Source of classification or shelving scheme Damaged status Not for loan Home library Current library Shelving location Date acquired Total Checkouts Full call number Barcode Date last seen Copy number Price effective from Koha item type
    Dewey Decimal Classification     London London Journal article 23/08/2006   L134658 134658-1001 06/08/2019 1 06/08/2019 Journal article